000 00534nam a22002057a 4500
003 koha_MIRAKIL
005 20231213100057.0
008 231213b |||||||| |||| 00| 0 ||| d
020 _b978-9-75070496-3
040 _aTR-IsEVY
_btur
_cTR-IsEVY
082 _aFIC BOS/P
100 _aBosco, Henri.
245 0 _aPantolonlu eşek
250 _a3. bs.
260 _bCan Çocuk Yayınları,
_c2014
300 _a165 s.
650 _aChildren's literature -- Fiction.
650 _aÇocuk edebiyatı -- Roman.
942 _2ddc
_cBK
999 _c14128
_d14128